000 01578nam0a2200361 4500
001 RU\NLR\BIBL_A\011744505
005 20190129153240.0
010 _a978-5-09-050557-4
_91500
021 _aRU
_bКН-П-18-040404
_9КН-П-18-2911
035 _a(NLR Aleph) 011744505
035 _a(RuMoRGB)009648958
090 _a11594944
_c11594944
100 _a20180705d2018 a y0rusy50 ca
101 0 _arus
102 _aRU
105 _aa zzzz||||1yy
200 1 _aШахматы в школе
_eметодические рекомендации. Третий год обучения
_eучебное пособие для общеобразовательных организаций
_fЕ. А. Прудникова, Е. И. Волкова
205 _a2-е изд.
210 _aМосква
_cПросвещение
_d2018
215 _a93 с.
_cил.
_d22
320 _aБиблиогр.: с. 93
333 _a16+
606 1 _aШахматы
_xОбучение
_xНачальная школа
_jМетодические пособия
_2nlr_sh2
_3RU\NLR\AUTH\661567768
610 0 _aшахматы в школе
610 0 _aпособие для учителя
686 1 _aЧ426.99,01шахматы.я8
700 1 _aПрудникова
_bЕ. А.
_gЕкатерина Анатольевна
701 1 _aВолкова
_bЕ. И.
_cшахматист
_gЕкатерина Игоревна
_3RU\NLR\AUTH\770169181
942 _cBOOK
980 _aNBR
980 _aNB